<?xml version="1.0" encoding="UTF-8"?>
<record
    xmlns:xsi="http://www.w3.org/2001/XMLSchema-instance"
    xsi:schemaLocation="http://www.loc.gov/MARC21/slim http://www.loc.gov/standards/marcxml/schema/MARC21slim.xsd"
    xmlns="http://www.loc.gov/MARC21/slim">

  <leader>00799nam a2200181Ia 4500</leader>
  <controlfield tag="008">090630s9999    xx            000 0 und d</controlfield>
  <datafield tag="082" ind1=" " ind2=" ">
    <subfield code="b">25344</subfield>
  </datafield>
  <datafield tag="100" ind1=" " ind2=" ">
    <subfield code="a">&#x932;&#x93E;&#x932;&#x93E; &#x930;&#x941;&#x938;&#x940; &#x905;&#x928;&#x941;. &#x921;&#x939;&#x93E;&#x923;&#x942;&#x915;&#x930; &#x936;&#x930;&#x926;&#x93F;&#x928;&#x940;.</subfield>
  </datafield>
  <datafield tag="245" ind1=" " ind2=" ">
    <subfield code="a">&#x91C;&#x932;&#x94D;&#x932;&#x94B;&#x936; &#x92A;&#x947;&#x936;&#x940;&#x902;&#x91A;&#x93E;.</subfield>
    <subfield code="c">&#x932;&#x93E;&#x932;&#x93E; &#x930;&#x941;&#x938;&#x940; &#x905;&#x928;&#x941;. &#x921;&#x939;&#x93E;&#x923;&#x942;&#x915;&#x930; &#x936;&#x930;&#x926;&#x93F;&#x928;&#x940;.</subfield>
  </datafield>
  <datafield tag="260" ind1=" " ind2=" ">
    <subfield code="b">&#x909;&#x924;&#x94D;&#x915;&#x930;&#x94D;&#x937; - &#x92A;&#x941;&#x923;&#x947;.</subfield>
    <subfield code="c">2001</subfield>
  </datafield>
  <datafield tag="300" ind1=" " ind2=" ">
    <subfield code="a">127</subfield>
  </datafield>
  <datafield tag="600" ind1=" " ind2=" ">
    <subfield code="a">&#x932;&#x93E;&#x932;&#x93E; &#x930;&#x941;&#x938;&#x940; &#x905;&#x928;&#x941;. &#x921;&#x939;&#x93E;&#x923;&#x942;&#x915;&#x930; &#x936;&#x930;&#x926;&#x93F;&#x928;&#x940;.</subfield>
  </datafield>
  <datafield tag="630" ind1=" " ind2=" ">
    <subfield code="a">&#x91C;&#x932;&#x94D;&#x932;&#x94B;&#x936; &#x92A;&#x947;&#x936;&#x940;&#x902;&#x91A;&#x93E;.</subfield>
  </datafield>
  <datafield tag="655" ind1=" " ind2=" ">
    <subfield code="a">&#x907;&#x924;&#x930;.</subfield>
  </datafield>
  <datafield tag="700" ind1=" " ind2=" ">
    <subfield code="a">&#x932;&#x93E;&#x932;&#x93E; &#x930;&#x941;&#x938;&#x940; &#x905;&#x928;&#x941;. &#x921;&#x939;&#x93E;&#x923;&#x942;&#x915;&#x930; &#x936;&#x930;&#x926;&#x93F;&#x928;&#x940;.</subfield>
  </datafield>
  <datafield tag="730" ind1=" " ind2=" ">
    <subfield code="a">&#x91C;&#x932;&#x94D;&#x932;&#x94B;&#x936; &#x92A;&#x947;&#x936;&#x940;&#x902;&#x91A;&#x93E;.</subfield>
  </datafield>
  <datafield tag="942" ind1=" " ind2=" ">
    <subfield code="c">BOOK</subfield>
  </datafield>
  <datafield tag="999" ind1=" " ind2=" ">
    <subfield code="c">277200</subfield>
    <subfield code="d">277200</subfield>
  </datafield>
  <datafield tag="952" ind1=" " ind2=" ">
    <subfield code="0">0</subfield>
    <subfield code="1">0</subfield>
    <subfield code="4">0</subfield>
    <subfield code="7">0</subfield>
    <subfield code="a">SAWASHRI</subfield>
    <subfield code="b">SAWASHRI</subfield>
    <subfield code="d">0000-00-00</subfield>
    <subfield code="g">100.00</subfield>
    <subfield code="l">0</subfield>
    <subfield code="o">25344</subfield>
    <subfield code="p">SAWASHRI-25344</subfield>
    <subfield code="r">2009-06-30 00:00:00</subfield>
    <subfield code="v">100.00</subfield>
    <subfield code="w">2009-06-30</subfield>
    <subfield code="y">BOOK</subfield>
  </datafield>
</record>
